<?xml version="1.0" encoding="UTF-8"?>
<record
    xmlns:xsi="http://www.w3.org/2001/XMLSchema-instance"
    xsi:schemaLocation="http://www.loc.gov/MARC21/slim http://www.loc.gov/standards/marcxml/schema/MARC21slim.xsd"
    xmlns="http://www.loc.gov/MARC21/slim">

  <leader>00398nam a22001457a 4500</leader>
  <controlfield tag="005">20251022151847.0</controlfield>
  <datafield tag="020" ind1=" " ind2=" ">
    <subfield code="a">978-1-032-30029-0</subfield>
  </datafield>
  <datafield tag="082" ind1=" " ind2=" ">
    <subfield code="a">578.77KIM/M.1</subfield>
  </datafield>
  <datafield tag="100" ind1=" " ind2=" ">
    <subfield code="a">Kim,Se-Kwon ed</subfield>
    <subfield code="9">3178</subfield>
  </datafield>
  <datafield tag="245" ind1=" " ind2=" ">
    <subfield code="a">Marine Biochemistry: Isolations and Techniques/</subfield>
    <subfield code="c">by Se-Kwon Kim</subfield>
  </datafield>
  <datafield tag="260" ind1=" " ind2=" ">
    <subfield code="a">.-Boca Raton</subfield>
    <subfield code="b">:CRC Press</subfield>
    <subfield code="c">,2023</subfield>
  </datafield>
  <datafield tag="300" ind1=" " ind2=" ">
    <subfield code="a">453p.</subfield>
  </datafield>
  <datafield tag="700" ind1=" " ind2=" ">
    <subfield code="a">Kim.Se-Kwon ed</subfield>
    <subfield code="9">3179</subfield>
  </datafield>
  <datafield tag="942" ind1=" " ind2=" ">
    <subfield code="2">ddc</subfield>
    <subfield code="c">BK</subfield>
  </datafield>
  <datafield tag="999" ind1=" " ind2=" ">
    <subfield code="c">752334</subfield>
    <subfield code="d">752334</subfield>
  </datafield>
  <datafield tag="952" ind1=" " ind2=" ">
    <subfield code="0">0</subfield>
    <subfield code="1">0</subfield>
    <subfield code="2">ddc</subfield>
    <subfield code="4">0</subfield>
    <subfield code="7">0</subfield>
    <subfield code="a">AQU</subfield>
    <subfield code="b">AQU</subfield>
    <subfield code="c">GEN</subfield>
    <subfield code="d">2025-09-29</subfield>
    <subfield code="l">0</subfield>
    <subfield code="o">578.77KIM/M.1</subfield>
    <subfield code="p">AQU6584</subfield>
    <subfield code="r">2025-10-22 09:49:29</subfield>
    <subfield code="w">2025-10-22</subfield>
    <subfield code="y">BK</subfield>
  </datafield>
</record>
